[Event "TUR-chT 1st League"]
[Site "Denizli"]
[Date "2023.07.14"]
[Round "8.73"]
[White "Ozmen, Mustafa Lutfi Poyra"]
[Black "Keser, Murat"]
[Result "1-0"]
[WhiteElo "1905"]
[BlackElo "1792"]
[PlyCount "90"]
[EventDate "2023.07.09"]
[EventType "team-swiss"]
[EventRounds "9"]
[EventCountry "TUR"]
[SourceTitle "CBM 215 Extra"]
[Source "ChessBase"]
[SourceDate "2023.09.30"]
[SourceVersion "1"]
[SourceVersionDate "2023.09.30"]
[SourceQuality "1"]
[WhiteTeam "Varyant Genclik"]
[BlackTeam "Karaman Saglik"]
[WhiteTeamCountry "TUR"]
[BlackTeamCountry "TUR"]

1. d4 c5 2. d5 e5 3. e4 d6 4. Nc3 Nf6 5. Nf3 g6 6. Be2 Bg7 7. Nd2 a6 8. a4 b6 9. Nc4 0-0 10. h4 h6 11. g4 Ne8 12. g5 h5 13. Be3 Nd7 14. Ra3 Rb8 15. Rb3 Qe7 16. Kd2 Nc7 17. Kc1 b5 18. axb5 Nxb5 19. Na5 Ra8 20. Nc6 Qe8 21. Bxb5 axb5 22. Kb1 Nb8 23. Nxb5 Qd7 24. Nc3 Ba6 25. Na4 Bc4 26. Nb6 Qb7 27. Nxc4 Qc7 28. Nxb8 Rfxb8 29. Rxb8+ Rxb8 30. Qd3 Ra8 31. Na3 Qd7 32. f3 Bf8 33. Kc1 Qb7 34. Qc3 Qa6 35. Kd2 Rb8 36. Nc4 Ra8 37. Ke2 Qb5 38. Kf2 Be7 39. b3 f5 40. gxf6 Bxf6 41. Nxd6 Qd7 42. Nc4 Qe7 43. d6 Qe6 44. Ke2 Rf8 45. Qd3 Bd8 1-0

[Event "TUR-chT 1st League"]
[Site "Denizli"]
[Date "2023.07.13"]
[Round "7.33"]
[White "Keser, Murat"]
[Black "Gunduz, Umut Erdem"]
[Result "1-0"]
[WhiteElo "1792"]
[BlackElo "2340"]
[PlyCount "72"]
[EventDate "2023.07.09"]
[EventType "team-swiss"]
[EventRounds "9"]
[EventCountry "TUR"]
[SourceTitle "CBM 215 Extra"]
[Source "ChessBase"]
[SourceDate "2023.09.30"]
[SourceVersion "1"]
[SourceVersionDate "2023.09.30"]
[SourceQuality "1"]
[WhiteTeam "Karaman Saglik"]
[BlackTeam "Alacati Satranc"]
[WhiteTeamCountry "TUR"]
[BlackTeamCountry "TUR"]

1. e4 c5 2. Nf3 d6 3. d4 cxd4 4. Nxd4 Nf6 5. Nc3 a6 6. Bc4 e6 7. f3 Nc6 8. Be3 Bd7 9. Qd2 Rc8 10. Bb3 Be7 11. g4 b5 12. h4 h6 13. 0-0-0 Nxd4 14. Qxd4 a5 15. a4 b4 16. Nb5 Bxb5 17. axb5 Nd7 18. g5 hxg5 19. hxg5 Rg8 20. g6 Nc5 21. Bc4 fxg6 22. e5 d5 23. Qg4 Kf7 24. Rhg1 g5 25. f4 g6 26. fxg5 Qb6 27. Rgf1+ Kg7 28. Bxc5 Rxc5 29. Bd3 Rcc8 30. Kb1 a4 31. Bxg6 Kxg6 32. Rf6+ Bxf6 33. gxf6+ Kf7 34. Qh5+ Kf8 35. Qh6+ Ke8 36. Qh7 Qc5 1-0

[Event "TUR-chT 1st League"]
[Site "Denizli"]
[Date "2023.07.12"]
[Round "6.53"]
[White "Yilmaz, Yigit Emre"]
[Black "Keser, Murat"]
[Result "1/2-1/2"]
[WhiteElo "1545"]
[BlackElo "1792"]
[PlyCount "145"]
[EventDate "2023.07.09"]
[EventType "team-swiss"]
[EventRounds "9"]
[EventCountry "TUR"]
[SourceTitle "CBM 215 Extra"]
[Source "ChessBase"]
[SourceDate "2023.09.30"]
[SourceVersion "1"]
[SourceVersionDate "2023.09.30"]
[SourceQuality "1"]
[WhiteTeam "Besiktas Jimnastik"]
[BlackTeam "Karaman Saglik"]
[WhiteTeamCountry "TUR"]
[BlackTeamCountry "TUR"]

1. Nf3 Nf6 2. d4 d5 3. c4 e6 4. Nc3 c6 5. cxd5 exd5 6. Bg5 Be7 7. e3 0-0 8. Qc2 Nbd7 9. Bd3 Re8 10. h3 h6 11. Bf4 Nf8 12. 0-0-0 Ne6 13. Bh2 b5 14. Ne5 Bd7 15. g4 b4 16. Na4 c5 17. Nxc5 Nxc5 18. dxc5 Bxc5 19. Kb1 Bf8 20. Nxd7 Qxd7 21. Bf5 Qb5 22. h4 Qc4 23. g5 Qxc2+ 24. Bxc2 Ne4 25. Rhf1 hxg5 26. hxg5 Rad8 27. Bc7 Rc8 28. Bf4 Red8 29. Bb3 Be7 30. g6 Rc5 31. gxf7+ Kxf7 32. Rd4 Ke8 33. f3 Nf6 34. Rxb4 a5 35. Rd4 Nh5 36. Be5 Bf6 37. Bxf6 Nxf6 38. Rc1 Rdc8 39. Rcd1 Rd8 40. e4 Ke7 41. Bxd5 Nh5 42. Bb3 Rxd4 43. Rxd4 Nf4 44. Rd2 Kf6 45. Bd1 Kg5 46. b3 Kh4 47. Kb2 Kg3 48. a3 g5 49. b4 axb4 50. axb4 Rb5 51. Kc3 Ne6 52. Rd6 Nc7 53. Rc6 Rb7 54. Rc5 Ne6 55. Rc6 Nd8 56. Rf6 Nf7 57. Rf5 Kh4 58. Bb3 Nd6 59. Rd5 Nb5+ 60. Rxb5 Rxb5 61. Be6 Kg3 62. Bg4 Kf4 63. Kc4 Rb7 64. b5 Ke5 65. Kc5 Rc7+ 66. Kb6 Rc1 67. Kb7 Kd6 68. b6 Rb1 69. Bh5 Kc5 70. Kc7 Rxb6 71. Kd7 Kd4 72. Ke7 Ke5 73. Kf7 1/2-1/2

[Event "TUR-chT 1st League"]
[Site "Konya"]
[Date "2022.08.25"]
[Round "5.7"]
[White "Keser, Murat"]
[Black "Keler, Faruk"]
[Result "0-1"]
[WhiteElo "1801"]
[BlackElo "2246"]
[PlyCount "99"]
[EventDate "2022.08.22"]
[EventType "team-swiss"]
[EventRounds "9"]
[EventCountry "TUR"]
[SourceTitle "CBM 209 Extra"]
[Source "ChessBase"]
[SourceDate "2022.09.30"]
[SourceVersion "1"]
[SourceVersionDate "2022.09.30"]
[SourceQuality "1"]
[WhiteTeam "Karaman Saglik"]
[BlackTeam "Varyant Genclik"]
[WhiteTeamCountry "TUR"]
[BlackTeamCountry "TUR"]

1. e4 c5 2. Nc3 Nc6 3. f4 g6 4. Bc4 Bg7 5. Nf3 d6 6. 0-0 e6 7. d3 Nge7 8. Qe1 0-0 9. Bb3 Na5 10. f5 Nxb3 11. axb3 exf5 12. Bg5 f6 13. Be3 Bd7 14. Qg3 Bc6 15. Nh4 Qd7 16. Rad1 b5 17. d4 b4 18. dxc5 bxc3 19. cxd6 Nc8 20. exf5 g5 21. Nf3 cxb2 22. h4 h6 23. hxg5 hxg5 24. Nd4 Be4 25. Ne6 Bxc2 26. Nxf8 Kxf8 27. Bxg5 Bxd1 28. Rxd1 fxg5 29. f6 Bxf6 30. Qf3 Kg7 31. Qxa8 Qxd6 32. Qb7+ Kh6 33. Qf3 Qd4+ 34. Rxd4 Bxd4+ 35. Kh2 b1Q 36. Qh3+ Kg6 37. Qe6+ Bf6 38. Qg8+ Kh6 39. Qf8+ Bg7 40. Qxc8 Qe4 41. Qa6+ Kh5 42. g3 Be5 43. Qb5 Qh4+ 44. Kg2 Qxg3+ 45. Kf1 Qf3+ 46. Kg1 Bd4+ 47. Kh2 Qf2+ 48. Kh3 Qf3+ 49. Kh2 Kh4 50. Qb8 0-1

[Event "TUR Cup"]
[Site "Antalya"]
[Date "2020.01.30"]
[Round "7"]
[White "Keser, Murat"]
[Black "Demirbas, Emre"]
[Result "0-1"]
[WhiteElo "1847"]
[BlackElo "1944"]
[PlyCount "148"]
[EventDate "2020.01.26"]
[EventType "swiss"]
[EventRounds "11"]
[EventCountry "TUR"]
[SourceTitle "CBM 194 Extra"]
[Source "ChessBase"]
[SourceDate "2020.03.31"]
[SourceVersion "1"]
[SourceVersionDate "2020.03.31"]
[SourceQuality "1"]

1. e4 c5 2. c3 Nf6 3. e5 Nd5 4. d4 cxd4 5. cxd4 d6 6. Nf3 Nc6 7. exd6 e6 8. Nc3 Bxd6 9. Bd3 0-0 10. 0-0 h6 11. Re1 Re8 12. Bc2 Ncb4 13. Bb1 b6 14. a3 Nxc3 15. bxc3 Nd5 16. Qd3 Nf6 17. Bb2 Qc7 18. Ba2 Bb7 19. Rad1 Bxf3 20. Qxf3 Bxh2+ 21. Kf1 Bd6 22. c4 Rad8 23. g3 a6 24. Kg2 b5 25. c5 Be7 26. Rh1 Nd5 27. Bc1 Bf8 28. Bb1 Qe7 29. Qd3 f5 30. g4 g6 31. Ba2 Qf6 32. Bxd5 Rxd5 33. Bxh6 fxg4 34. Qe3 Rf5 35. d5 Rf3 36. Qe2 Bxc5 37. Rdf1 Kf7 38. Bc1 Kg8 39. Bb2 e5 40. Qc2 Bb6 41. Rh6 Kg7 42. Rhh1 Rf8 43. Bc1 Rh3 44. Rxh3 gxh3+ 45. Kh2 Qf3 46. Rg1 Qxf2+ 47. Qxf2 Rxf2+ 48. Kxh3 Rf3+ 49. Kg2 Rd3 50. Re1 Rxd5 51. Kf3 Kf6 52. Rh1 Bc5 53. Rf1 Ke6 54. Kg4 Rd3 55. a4 bxa4 56. Bg5 Be7 57. Bc1 a3 58. Re1 Kd5 59. Re2 Rd4+ 60. Kg3 Kc4 61. Kg2 e4 62. Be3 Rd3 63. Bf4 Kd4 64. Bh6 Rb3 65. Bg7+ Kd3 66. Re1 e3 67. Bh6 Kd2 68. Ra1 Bf6 69. Ra2+ Bb2 70. Bg5 Kc2 71. Kf3 Kb1 72. Ke2 Kxa2 73. Kd1 Kb1 74. Bf4 a2 0-1

[Event "TUR Cup"]
[Site "Antalya"]
[Date "2020.01.28"]
[Round "4"]
[White "Keser, Murat"]
[Black "Ozeler, Nedim"]
[Result "1-0"]
[WhiteElo "1847"]
[BlackElo "1667"]
[PlyCount "49"]
[EventDate "2020.01.26"]
[EventType "swiss"]
[EventRounds "11"]
[EventCountry "TUR"]
[SourceTitle "CBM 194 Extra"]
[Source "ChessBase"]
[SourceDate "2020.03.31"]
[SourceVersion "1"]
[SourceVersionDate "2020.03.31"]
[SourceQuality "1"]

1. e4 g6 2. Nf3 d6 3. d4 Bg7 4. h3 Nd7 5. Nc3 Ngf6 6. Bc4 0-0 7. e5 Ne8 8. e6 fxe6 9. Bxe6+ Kh8 10. Ng5 Nef6 11. h4 Nb6 12. h5 Bxe6 13. Nxe6 Qe8 14. h6 Bxh6 15. Bxh6 Rf7 16. Qd3 Qg8 17. Ne4 Ng4 18. N6g5 Rf5 19. f3 Nf6 20. g4 Ra5 21. Qc3 Rxa2 22. Rxa2 Qxa2 23. Nxf6 Qb1+ 24. Kf2 Qxh1 25. Nf7# 1-0

[Event "TUR Cup										"]
[Site "Antalya"]
[Date "2018.02.02"]
[Round "10"]
[White "Menken, Ekin"]
[Black "Keser, Murat"]
[Result "0-1"]
[WhiteElo "1635"]
[BlackElo "1868"]
[PlyCount "94"]
[EventDate "2018.01.27"]
[EventType "swiss"]
[EventRounds "11"]
[EventCountry "TUR"]
[SourceTitle "CBM 182 Extra"]
[Source "ChessBase"]
[SourceDate "2018.02.23"]
[SourceVersion "1"]
[SourceVersionDate "2018.02.23"]
[SourceQuality "1"]

1. e4 c5 2. Nf3 d6 3. d4 cxd4 4. Qxd4 Nc6 5. Bb5 Bd7 6. Bxc6 bxc6 7. c4 e5 8. Qd3 Nf6 9. Nc3 Qc7 10. 0-0 Be7 11. Bg5 Be6 12. Rad1 Rd8 13. b3 0-0 14. Qe2 h6 15. Bh4 Bg4 16. h3 Bh5 17. Qe3 Rb8 18. Rd2 Rfd8 19. Rfd1 a5 20. Rd3 Kh7 21. Qd2 Bg6 22. Bxf6 gxf6 23. Nh4 Qc8 24. Rf3 Rg8 25. Qe3 Rb7 26. Ne2 Qf8 27. Ng3 Qg7 28. Kh2 Ra8 29. Ngf5 Qf8 30. a4 Rab8 31. Rd3 Rd7 32. Rg3 Rbd8 33. Qf3 Rb7 34. Qg4 h5 35. Qf3 Rb4 36. Qe3 d5 37. cxd5 cxd5 38. Rxd5 Rxd5 39. exd5 Bc5 40. Qd2 Rf4 41. Nxg6 fxg6 42. Ne3 Bb4 43. Qc2 f5 44. Qe2 Bc5 45. Rf3 Rb4 46. Nc4 e4 47. Rc3 Qb8+ 0-1

[Event "TUR Cup										"]
[Site "Antalya"]
[Date "2018.01.30"]
[Round "6"]
[White "Capan, Ferman"]
[Black "Keser, Murat"]
[Result "0-1"]
[WhiteElo "1759"]
[BlackElo "1868"]
[PlyCount "138"]
[EventDate "2018.01.27"]
[EventType "swiss"]
[EventRounds "11"]
[EventCountry "TUR"]
[SourceTitle "CBM 182 Extra"]
[Source "ChessBase"]
[SourceDate "2018.02.23"]
[SourceVersion "1"]
[SourceVersionDate "2018.02.23"]
[SourceQuality "1"]

1. Nf3 c5 2. e4 Nc6 3. Bc4 d6 4. d3 e6 5. c3 Nf6 6. 0-0 Be7 7. Bg5 0-0 8. Nbd2 Na5 9. Re1 Nxc4 10. Nxc4 e5 11. d4 exd4 12. cxd4 Bg4 13. e5 dxe5 14. dxe5 Nd5 15. Bxe7 Nxe7 16. Qb3 Qc7 17. Nd6 b6 18. Ng5 Bh5 19. Qh3 Bg6 20. f4 h6 21. Nf3 f5 22. Nh4 Qd7 23. Rad1 Qe6 24. b3 Rad8 25. Nxg6 Nxg6 26. Qf3 Ne7 27. Nb5 Qc6 28. Nxa7 Qxf3 29. gxf3 Ng6 30. Rd6 Nxf4 31. Nc6 Ra8 32. a4 Rfe8 33. Rd7 c4 34. Rd4 Nd3 35. Rd1 Nxe5 36. Nxe5 Rxe5 37. Rxc4 Re3 38. Rb4 Rb8 39. Rd6 Rbe8 40. Rd2 R8e6 41. Kf2 Kf7 42. Rxb6 Rxf3+ 43. Kxf3 Rxb6 44. Rb2 Ra6 45. Rc2 Kf6 46. h4 g5 47. hxg5+ hxg5 48. Rh2 Ke5 49. Re2+ Kd4 50. Rc2 Rb6 51. Rc4+ Kd5 52. Rc3 Rb4 53. Kg3 Kd4 54. Rf3 Ke4 55. Rc3 Kd4 56. Rf3 Ke5 57. Rc3 g4 58. Rd3 Ke4 59. Rc3 Kd4 60. Rc1 Rxb3+ 61. Kh4 Ke4 62. Kg5 g3 63. Rc4+ Kd5 64. Rc2 Rf3 65. Rd2+ Ke4 66. Kh4 f4 67. Ra2 Rf2 68. Ra1 g2 69. a5 Rf1 0-1

[Event "TUR Cup										"]
[Site "Antalya"]
[Date "2018.01.30"]
[Round "5"]
[White "Keser, Murat"]
[Black "Gunduz, Umut Erdem"]
[Result "0-1"]
[WhiteElo "1868"]
[BlackElo "2139"]
[PlyCount "138"]
[EventDate "2018.01.27"]
[EventType "swiss"]
[EventRounds "11"]
[EventCountry "TUR"]
[SourceTitle "CBM 182 Extra"]
[Source "ChessBase"]
[SourceDate "2018.02.23"]
[SourceVersion "1"]
[SourceVersionDate "2018.02.23"]
[SourceQuality "1"]

1. e4 e5 2. Nf3 Nc6 3. Bb5 a6 4. Ba4 Nf6 5. 0-0 Be7 6. Re1 b5 7. Bb3 0-0 8. c3 d5 9. exd5 Nxd5 10. Nxe5 Nxe5 11. Rxe5 c6 12. d4 Bd6 13. Re1 Qh4 14. g3 Qh3 15. Qf3 Bg4 16. Qg2 Qh5 17. Be3 Rad8 18. Nd2 f5 19. f4 Kh8 20. Bxd5 cxd5 21. Nb3 g5 22. Qf2 Bf3 23. Rf1 Be4 24. Nc5 Qh3 25. Ne6 gxf4 26. Nxf4 Qg4 27. Ng2 f4 28. Bxf4 Bxf4 29. Nxf4 h5 30. h4 Rf7 31. Kh2 Rdf8 32. Rg1 Rg8 33. Rae1 Qf5 34. Ref1 Qg4 35. Qe3 Rgf8 36. Qf2 Kh7 37. Qe1 Kh8 38. Nh3 Kg8 39. Ng5 Rf5 40. Rxf5 Qxf5 41. Nxe4 dxe4 42. Qe3 Kh7 43. Rg2 Kg7 44. Re2 Qg4 45. Qg5+ Qxg5 46. hxg5 Re8 47. g4 Kg6 48. gxh5+ Kxh5 49. Rg2 e3 50. Re2 Kg4 51. Kg2 Kf4 52. Kf1 Kf3 53. Rh2 Kg3 54. Rg2+ Kf3 55. Rh2 Kg3 56. Rg2+ Kf3 57. Rg1 b4 58. Ke1 bxc3 59. bxc3 Rb8 60. Rf1+ Ke4 61. Rf6 Kd3 62. Kf1 Rb1+ 63. Kg2 e2 64. Re6 e1Q 65. Rxe1 Rxe1 66. Kf3 Kxc3 67. d5 Re5 68. d6 Rxg5 69. Ke4 Kc4 0-1

[Event "TUR-chT 2nd League"]
[Site "Konya"]
[Date "2017.07.23"]
[Round "9.12"]
[White "Sevin, Ibrahim"]
[Black "Keser, Murat"]
[Result "0-1"]
[WhiteElo "1994"]
[BlackElo "1898"]
[PlyCount "89"]
[EventDate "2017.07.17"]
[EventType "team-swiss"]
[EventRounds "9"]
[EventCountry "TUR"]
[SourceTitle "EXT 2018"]
[Source "ChessBase"]
[SourceDate "2017.10.13"]
[SourceVersion "1"]
[SourceVersionDate "2017.10.13"]
[SourceQuality "1"]
[WhiteTeam "Adamlari Amator"]
[BlackTeam "Burdur Serenler"]
[WhiteTeamCountry "TUR"]
[BlackTeamCountry "TUR"]

1. d4 Nf6 2. e3 b6 3. f4 Bb7 4. Nf3 e6 5. Bd3 Be7 6. 0-0 c5 7. c3 0-0 8. Nbd2 cxd4 9. exd4 d6 10. Qe2 Nbd7 11. Ne4 Nxe4 12. Bxe4 Bxe4 13. Qxe4 Nf6 14. Qd3 g6 15. Bd2 Re8 16. Rae1 Bf8 17. h3 Bg7 18. g4 Qd7 19. Qe2 Rac8 20. Ng5 a5 21. Qf3 d5 22. Qd3 b5 23. Re2 a4 24. a3 Qc6 25. Nf3 Qc4 26. Ne5 Qxd3 27. Nxd3 Ne4 28. Be1 f6 29. Kg2 Kf7 30. Nf2 f5 31. Nxe4 dxe4 32. g5 h6 33. h4 hxg5 34. hxg5 Ke7 35. Bd2 Kd6 36. Kf2 Rh8 37. Ke1 Rh3 38. Re3 Rch8 39. Kd1 Kd5 40. Re2 Bf8 41. Kc2 Kc4 42. Be3 Bd6 43. Rd1 Kd5 44. Kd2 Rf3 45. Rf2 0-1

[Event "TUR-chT 2nd League"]
[Site "Konya"]
[Date "2017.07.20"]
[Round "5.10"]
[White "Keser, Murat"]
[Black "Bacak, Muhammed Kaan"]
[Result "0-1"]
[WhiteElo "1898"]
[BlackElo "2048"]
[PlyCount "94"]
[EventDate "2017.07.17"]
[EventType "team-swiss"]
[EventRounds "9"]
[EventCountry "TUR"]
[SourceTitle "CBM 179 Extra"]
[Source "ChessBase"]
[SourceDate "2017.08.23"]
[SourceVersion "1"]
[SourceVersionDate "2017.08.23"]
[SourceQuality "1"]
[WhiteTeam "Burdur Serenler"]
[BlackTeam "Mersin Zeka"]
[WhiteTeamCountry "TUR"]
[BlackTeamCountry "TUR"]

1. e4 e5 2. Nf3 Nc6 3. Bb5 a6 4. Ba4 Nf6 5. 0-0 Nxe4 6. Re1 Nc5 7. Bxc6 dxc6 8. Nxe5 Be6 9. d4 Nd7 10. Bf4 Be7 11. Nd2 0-0 12. Ndf3 Nxe5 13. Nxe5 Re8 14. b3 Bb4 15. Re3 f6 16. Nf3 Qd7 17. c3 Bf8 18. h3 Bf7 19. Nh2 Rxe3 20. Bxe3 Qf5 21. Qe2 Re8 22. Rd1 Bd6 23. Qd3 Qa5 24. Qd2 Bg6 25. Nf1 Qf5 26. Ng3 Qc2 27. Qxc2 Bxc2 28. Rc1 Bxb3 29. axb3 Bxg3 30. Ra1 Bd6 31. Ra5 g6 32. g4 Kf7 33. Kg2 Re6 34. Kf3 Ke8 35. Bd2 Kd7 36. Be3 Re8 37. h4 Rf8 38. h5 Ke6 39. Bf4 f5 40. Bxd6 fxg4+ 41. Kxg4 cxd6 42. f4 Kf6 43. Kf3 Re8 44. hxg6 hxg6 45. Ra1 Kf5 46. Rg1 Rh8 47. Rg3 Rh1 0-1

[Event "TUR-chT 2nd League"]
[Site "Konya"]
[Date "2017.07.18"]
[Round "3.6"]
[White "Keser, Murat"]
[Black "Zor, Alber Kadir"]
[Result "0-1"]
[WhiteElo "1898"]
[BlackElo "2146"]
[PlyCount "128"]
[EventDate "2017.07.17"]
[EventType "team-swiss"]
[EventRounds "9"]
[EventCountry "TUR"]
[SourceTitle "CBM 179 Extra"]
[Source "ChessBase"]
[SourceDate "2017.08.23"]
[SourceVersion "1"]
[SourceVersionDate "2017.08.23"]
[SourceQuality "1"]
[WhiteTeam "Burdur Serenler"]
[BlackTeam "Bursa Nida"]
[WhiteTeamCountry "TUR"]
[BlackTeamCountry "TUR"]

1. e4 c6 2. d4 d5 3. exd5 cxd5 4. c4 Nf6 5. Nc3 Nc6 6. cxd5 Nxd5 7. Bc4 Nb6 8. Bb5 e6 9. Nf3 Bd7 10. 0-0 Be7 11. a3 0-0 12. Bf4 Rc8 13. Rc1 Nb8 14. Bd3 Bc6 15. Ne5 N6d7 16. Bd2 Nf6 17. Be3 Nbd7 18. Nxc6 Rxc6 19. Bb5 Rd6 20. Qe2 a6 21. Bd3 Nb6 22. Ne4 Nxe4 23. Bxe4 Nd5 24. Qc2 g6 25. Bh6 Re8 26. Qb3 Rb6 27. Qc2 Bf6 28. Rfd1 Rc6 29. Qb3 Rxc1 30. Bxc1 Qd7 31. Qf3 Bg7 32. h3 Rc8 33. g4 Bxd4 34. Bxd5 Qxd5 35. Qxd5 exd5 36. Rxd4 Rxc1+ 37. Kg2 Rc2 38. Rxd5 Rxb2 39. g5 Rb3 40. a4 Kg7 41. Rd7 b6 42. Ra7 a5 43. Rb7 Rb4 44. Kg3 h6 45. h4 h5 46. f3 Kf8 47. Kh3 Kg8 48. Kg3 Kg7 49. Kh3 Kf8 50. Kg3 Ke8 51. Kh3 Rxa4 52. Rxb6 Rf4 53. Kg3 Rf5 54. Rb7 Kd8 55. Rb1 Kc7 56. f4 a4 57. Kf3 Ra5 58. Ke4 a3 59. Kd4 a2 60. Ra1 Kd6 61. Ke4 Ke6 62. Kf3 Kf5 63. Kg3 Ra3+ 64. Kh2 Kxf4 0-1

[Event "Troya op 23rd"]
[Site "Canakkale"]
[Date "2015.08.13"]
[Round "7"]
[White "Keser, Murat"]
[Black "Gunduz, Umut Erdem"]
[Result "1-0"]
[WhiteElo "1855"]
[BlackElo "1940"]
[PlyCount "98"]
[EventDate "2015.08.08"]
[EventType "swiss"]
[EventRounds "9"]
[EventCountry "TUR"]
[SourceTitle "CBM 167 Extra"]
[Source "ChessBase"]
[SourceDate "2015.09.14"]
[SourceVersion "1"]
[SourceVersionDate "2015.09.14"]
[SourceQuality "1"]

1. e4 e5 2. Nf3 Nc6 3. Bb5 a6 4. Ba4 Nf6 5. 0-0 Be7 6. Re1 b5 7. Bb3 d6 8. h3 0-0 9. c3 Nb8 10. d4 Nbd7 11. Nbd2 Bb7 12. Bc2 Re8 13. Nf1 Bf8 14. Ng3 g6 15. Nh2 Bg7 16. f4 exd4 17. cxd4 h5 18. e5 h4 19. exf6 Rxe1+ 20. Qxe1 hxg3 21. fxg7 gxh2+ 22. Kxh2 Qf6 23. Qf2 Re8 24. Be3 Nb6 25. Rf1 Kxg7 26. d5 Rxe3 27. Qxe3 Qxb2 28. Rf2 Nxd5 29. Qa7 Bc6 30. Bxg6 Qb4 31. Bc2 Nxf4 32. Qe3 Ne6 33. Qg3+ Kf8 34. Qg6 Nd8 35. Qf6 Ke8 36. Bf5 Bd5 37. Qh8+ Ke7 38. Bg4 Qc5 39. Qf6+ Ke8 40. Qh8+ Ke7 41. Qf6+ Ke8 42. Re2+ Be6 43. h4 Qc4 44. Bf3 Nc6 45. Re4 Qc2 46. h5 Ne5 47. h6 Nxf3+ 48. Qxf3 Qb2 49. Qg3 Kf8 1-0

[Event "Manavgat Turkey Cup"]
[Site "Manavgat"]
[Date "2015.02.03"]
[Round "6"]
[White "Isik, Esref"]
[Black "Keser, Murat"]
[Result "0-1"]
[WhiteElo "1752"]
[BlackElo "1785"]
[PlyCount "89"]
[EventDate "2015.01.31"]
[EventType "swiss"]
[EventRounds "11"]
[EventCountry "TUR"]
[SourceTitle "CBM 164 Extra"]
[Source "ChessBase"]
[SourceDate "2015.03.02"]
[SourceVersion "1"]
[SourceVersionDate "2015.03.02"]
[SourceQuality "1"]

1. e4 c5 2. Nf3 Nc6 3. d4 cxd4 4. Nxd4 Nf6 5. Nc3 g6 6. Be3 Bg7 7. Bc4 Qa5 8. f3 Qb4 9. Bb3 Nxe4 10. fxe4 Nxd4 11. 0-0 Nxb3 12. axb3 e6 13. Ra4 Qe7 14. Bf4 d5 15. exd5 0-0 16. d6 Qd8 17. Be3 a6 18. Rc4 b5 19. Rc7 Rb8 20. Re7 Be5 21. Bc5 b4 22. Ne4 Rb5 23. Rc7 f5 24. Rxc8 Qxc8 25. d7 Qd8 26. Bxf8 Kxf8 27. Qd2 Kg7 28. Ng5 Kf6 29. Nf3 Bc7 30. Qg5+ Kg7 31. Rd1 h6 32. Qxd8 Bxd8 33. Rd6 Kf6 34. Nd4 Rb6 35. Nc6 Bc7 36. Kf1 g5 37. Ke2 h5 38. c4 bxc3 39. bxc3 a5 40. Kd3 Rxb3 41. d8Q+ Bxd8 42. Rxd8 Rb2 43. Nxa5 Rxg2 44. c4 Rxh2 45. c5 0-1

[Event "Manavgat Turkey Cup"]
[Site "Manavgat"]
[Date "2015.02.03"]
[Round "5"]
[White "Keser, Murat"]
[Black "Dinc, Melih"]
[Result "1-0"]
[WhiteElo "1785"]
[BlackElo "1579"]
[PlyCount "98"]
[EventDate "2015.01.31"]
[EventType "swiss"]
[EventRounds "11"]
[EventCountry "TUR"]
[SourceTitle "CBM 164 Extra"]
[Source "ChessBase"]
[SourceDate "2015.03.02"]
[SourceVersion "1"]
[SourceVersionDate "2015.03.02"]
[SourceQuality "1"]

1. d4 d5 2. Nf3 Nf6 3. e3 Bg4 4. Nbd2 e6 5. c3 c6 6. Qb3 Qb6 7. Bd3 Nbd7 8. 0-0 Be7 9. Qc2 g6 10. h3 Bf5 11. e4 dxe4 12. Nxe4 Nxe4 13. Bxe4 0-0-0 14. b4 Qc7 15. a4 Nf6 16. Bxf5 gxf5 17. b5 Rhg8 18. Ne5 cxb5 19. axb5 Qb6 20. Qa4 Ne4 21. Bf4 Bd6 22. Nc4 Qc7 23. Nxd6+ Nxd6 24. Qxa7 Kd7 25. Bxd6 Kxd6 26. Qa3+ Kd7 27. Qc1 Qc4 28. Rb1 Rg6 29. f3 Qe2 30. Rf2 Qd3 31. Qc2 Qc4 32. Rb4 Qc7 33. f4 Rdg8 34. Qe2 Rg3 35. Kh1 Rxc3 36. d5 e5 37. Z0 e4 38. Qh5 Rc1+ 39. Kh2 Qc3 40. Qxf7+ Kd6 41. Qxg8 Rh1+ 42. Kxh1 Qe1+ 43. Kh2 Qxf2 44. Qa8 Kc5 45. Qf8+ Kb6 46. Qxf5 e3 47. Qe5 e2 48. Re4 Kxb5 49. Rxe2 Qc5 1-0

[Event "Kemer Turkey Cup"]
[Site "Kemer"]
[Date "2014.02.04"]
[Round "5"]
[White "Subasi, Cagrican"]
[Black "Keser, Murat"]
[Result "1-0"]
[WhiteElo "1584"]
[BlackElo "1770"]
[PlyCount "127"]
[EventDate "2014.02.01"]
[EventType "swiss"]
[EventRounds "9"]
[EventCountry "TUR"]
[SourceTitle "CBM 158 Extra"]
[Source "ChessBase"]
[SourceDate "2014.02.28"]
[SourceVersion "1"]
[SourceVersionDate "2014.02.28"]
[SourceQuality "1"]

1. d4 d5 2. Nf3 Nf6 3. g3 Bf5 4. Bg2 e6 5. Nbd2 Nbd7 6. 0-0 Bd6 7. Nh4 Bg4 8. c4 c6 9. b3 0-0 10. Bb2 Re8 11. Nhf3 e5 12. dxe5 Nxe5 13. h3 Bxf3 14. exf3 dxc4 15. f4 Nd3 16. Bxf6 gxf6 17. Nxc4 Bc5 18. Qg4+ Kh8 19. Rad1 Nxf2 20. Rxf2 Qe7 21. Qf3 Qe2 22. Rd2 Qe1+ 23. Kh2 Bxf2 24. Qxf2 Qxf2 25. Rxf2 Rad8 26. Na5 Re3 27. Nxb7 Rdd3 28. g4 Kg7 29. Nc5 Rc3 30. Na4 Rcd3 31. Nb2 Rd4 32. Nc4 Re1 33. Bxc6 h5 34. Kg3 Rg1+ 35. Bg2 hxg4 36. hxg4 Re1 37. Bf3 Rd3 38. Rd2 Rxd2 39. Nxd2 f5 40. g5 f6 41. gxf6+ Kxf6 42. Nc4 Rc1 43. Ne5 Rc2 44. a4 Rc3 45. b4 Rc7 46. Bc6 Ke6 47. b5 Kd6 48. a5 Rg7+ 49. Kf2 Kc7 50. Bd7 Rh7 51. Bxf5 Rh2+ 52. Ke3 Ra2 53. Nc4 Ra1 54. Bd3 Rd1 55. Be2 Rb1 56. Nd2 Ra1 57. Nc4 Rb1 58. b6+ axb6 59. axb6+ Kb8 60. f5 Rb3+ 61. Ke4 Rb1 62. f6 Re1 63. f7 Rxe2+ 64. Kf3 1-0

[Event "Kemer Turkey Cup"]
[Site "Kemer"]
[Date "2014.02.02"]
[Round "2"]
[White "Keser, Murat"]
[Black "Evin, Abdulkerim"]
[Result "1/2-1/2"]
[WhiteElo "1770"]
[BlackElo "1499"]
[PlyCount "22"]
[EventDate "2014.02.01"]
[EventType "swiss"]
[EventRounds "9"]
[EventCountry "TUR"]
[SourceTitle "CBM 158 Extra"]
[Source "ChessBase"]
[SourceDate "2014.02.28"]
[SourceVersion "1"]
[SourceVersionDate "2014.02.28"]
[SourceQuality "1"]

1. e4 e5 2. Nf3 Nc6 3. Bc4 Nf6 4. Ng5 d5 5. exd5 Nxd5 6. d4 Be6 7. Nxe6 fxe6 8. 0-0 Bd6 9. dxe5 Bxe5 10. Qh5+ g6 11. Qg4 Qf6 1/2-1/2

[Event "Antalya op"]
[Site "Antalya"]
[Date "2011.01.16"]
[Round "7"]
[White "Keser, Murat"]
[Black "Arat, Ufuk Sezen"]
[Result "0-1"]
[WhiteElo "1798"]
[BlackElo "2028"]
[PlyCount "64"]
[EventDate "2011.01.08"]
[EventType "swiss"]
[EventRounds "9"]
[EventCountry "TUR"]
[SourceTitle "EXT 2012"]
[Source "ChessBase"]
[SourceDate "2011.11.24"]
[SourceVersion "1"]
[SourceVersionDate "2011.11.24"]
[SourceQuality "1"]

1. e4 c5 2. Nf3 d6 3. d4 cxd4 4. Nxd4 Nf6 5. Nc3 g6 6. Be2 Bg7 7. Be3 Nc6 8. Nb3 0-0 9. f4 Be6 10. g4 Na5 11. f5 Bc4 12. Bf3 Nd7 13. h4 Ne5 14. h5 gxf5 15. gxf5 Kh8 16. h6 Bf6 17. Bh5 b5 18. Qd2 b4 19. Nd5 Bxd5 20. Qxd5 Nac4 21. Bd4 a5 22. 0-0-0 a4 23. Bxe5 Nxe5 24. Nd4 Qc7 25. Bxf7 b3 26. a3 Ra5 27. Rhg1 Rxd5 28. Bxd5 Nf3 29. Rg2 Bxd4 30. Rxd4 Nxd4 31. c3 e6 32. Rg7 Qc5 0-1